The Court of Appeal Civil Application No. 30 of 1998 (Record no. 3432)

MARC details
000 -LEADER
fixed length control field 00668nam a22001457a 4500
008 - FIXED-LENGTH DATA ELEMENTS--GENERAL INFORMATION
fixed length control field 110621t xxu||||| |||| 00| 0 eng d
010 ## - LIBRARY OF CONGRESS CONTROL NUMBER
LC control number CACAF67
245 ## - TITLE STATEMENT
Title The Court of Appeal Civil Application No. 30 of 1998
260 ## - PUBLICATION, DISTRIBUTION, ETC. (IMPRINT)
Date of publication, distribution, etc 1998
500 ## - GENERAL NOTE
General note Coram: Hon. Lady Justice A.E. Mpagi-Bahigeine, J.A.
500 ## - GENERAL NOTE
General note Application arising from the Civil Appeal No.20/98
Holdings
Withdrawn status Lost status Source of classification or shelving scheme Damaged status Koha normalized classification for sorting Not for loan Location (home branch) Sublocation or collection (holding branch) Shelving location Date acquired Koha issues (times borrowed) Koha full call number Piece designation (barcode) Koha date last seen Price effective from Koha item type
    Dewey Decimal Classification   CACAF_67   Law Development Centre Main Library Law Development Centre Main Library Law Reports 06/21/2011   CACAF 67 30/1998/3 06/21/2011 06/21/2011 Law Reports
    Dewey Decimal Classification   CACAF_67   Law Development Centre Main Library Law Development Centre Main Library Law Reports 06/21/2011   CACAF 67 30/1998/4 06/21/2011 06/21/2011 Law Reports
    Dewey Decimal Classification   CACAF_67   Law Development Centre Main Library Law Development Centre Main Library Law Reports 06/21/2011   CACAF 67 30/1998/5 06/21/2011 06/21/2011 Law Reports